|
|
|
|
| LEADER |
00000nam a22000007a 4500 |
| 005 |
20210518231212.0 |
| 007 |
cr|||| |||| |
| 008 |
210518s2020 es |||||s|||| 00||0 spa d |
| 020 |
|
|
|a 978-84-1377-297-4
|
| 035 |
|
|
|a 33517
|
| 040 |
|
|
|a vLex
|
| 090 |
|
|
|c 11724
|d 11724
|
| 100 |
1 |
|
|a Reinoso Martn̕ez, Fernando
|
| 245 |
1 |
0 |
|a Prontuario jurisprudencial del delito de blanqueo de capitales
|h [Recurso electrn̤ico] /
|c Fernando Reinoso Martn̕ez
|
| 256 |
|
|
|a Servicio en ln̕ea
|
| 260 |
|
|
|a Madrid:
|b Dykinson,
|c 2020
|
| 300 |
|
|
|a 1 recurso electrn̤ico
|
| 500 |
|
|
|a El libro contiene un prontuario jurisprudencial sobre el delito de blanqueo de capitales que sistematiza y resume los aspectos ms̀ controvertidos de la doctrina actual del Tribunal Supremo sobre ese delito. Su finalidad es eminentemente prc̀tica a modo de breve vademčum que facilite la consulta inmediata de nociones o fundamentales sobre el blanqueo de capitales. No hay por tanto en el libro ninguna pretensin̤ dogmt̀ica, ms̀ bien meramente sistemt̀ica en cuanto organiza los pronunciamientos jurisdiccionales en torno a criterios reconocibles para facilitar la bs︢queda rp̀ida de cualquier aspecto relacionado con aquel delito y agilizar su revisin̤. En otras palabras, el trabajo persigue poner al alcance del lector, especializado o no, de una forma elemental y g̀il, los complejos entresijos bs̀icos del delito de blanqueo de capitales.
|
| 506 |
1 |
|
|a Disponible solo en los productos indicados
|d vLex Global
|d vLex Global (Academic Edition, excluding Law Schools)
|d vLex Global (U.S. Academic Edition, Law Schools)
|d vLex Global (U.S. Academic Edition, excluding Law Schools)
|d vLex Global (Academic Edition, Law Schools)
|
| 650 |
0 |
4 |
|a Derecho Penal
|z Espaą
|
| 740 |
0 |
|
|a vLex Libros (Servicio en ln̕ea)
|
| 856 |
4 |
0 |
|u https://vlex.com/source/prontuario-jurisprudencial-del-delito-de-blanqueo-de-capitales-33517
|z Acceso restringido
|
| 942 |
|
|
|c BOOK
|
| 999 |
0 |
|
|a Criminal law
|